Contemporary studies in environmental and indigenous pedagogies a curricula of stories and place /

Saved in:
書目詳細資料
企業作者: ebrary, Inc
其他作者: Kulnieks, Andrejs, Longboat, Dan Roronhiakewen, Young, Kelly
格式: 電子 電子書
語言:英语
出版: Rotterdam : Sense Publishers, 2013.
主題:
在線閱讀:An electronic book accessible through the World Wide Web; click to view
標簽: 添加標簽
沒有標簽, 成為第一個標記此記錄!

MARC

LEADER 00000nam a2200000 a 4500
001 0000170608
005 20171002063608.0
006 m o u
007 cr cn|||||||||
008 130625s2013 ne a sb 001 0 eng d
020 |z 9789462092921 (hardback) 
020 |z 9789462092914 
020 |z 9789462092938 (e-book) 
035 |a (CaPaEBR)ebr10721218 
035 |a (OCoLC)848712324 
040 |a CaPaEBR  |c CaPaEBR 
050 1 4 |a LC196  |b .C66 2013eb 
245 0 0 |a Contemporary studies in environmental and indigenous pedagogies  |h [electronic resource] :  |b a curricula of stories and place /  |c edited by Andrejs Kulnieks, Dan Roronhiakewen Longboat and Kelly Young. 
260 |a Rotterdam :  |b Sense Publishers,  |c 2013. 
300 |a viii, 314 p. :  |b ill. 
504 |a Includes bibliographical references and index. 
505 0 |a pt. 1. Principles of environmental and indigenous pedagogies -- pt. 2. Portraits of environmental and indigenous pedagogies -- pt. 3. Practices of environmental and indigenous pedagogies. 
533 |a Electronic reproduction.  |b Palo Alto, Calif. :  |c ebrary,  |d 2013.  |n Available via World Wide Web.  |n Access may be limited to ebrary affiliated libraries. 
650 0 |a Critical pedagogy. 
650 0 |a Education  |x Environmental aspects. 
650 0 |a Educational equalization. 
655 7 |a Electronic books.  |2 local 
700 1 |a Kulnieks, Andrejs. 
700 1 |a Longboat, Dan Roronhiakewen. 
700 1 |a Young, Kelly. 
710 2 |a ebrary, Inc. 
856 4 0 |u http://site.ebrary.com/lib/daystar/Doc?id=10721218  |z An electronic book accessible through the World Wide Web; click to view 
908 |a 170314 
942 0 0 |c EB 
999 |c 159750  |d 159750